00366nam a2200145Ia 4500003000500000008004100005020001800046040001900064082000700083100002200090245006300112260002500175300000800200546001200208STCL181203s9999 xx 000 0 und d a9788131720479 aSTCLbENcSTCL 222 aHopcroft, John E. 0aIntroduction to Automata Theory, Languages and Computation bPearsonaNoidac2013 a487 aEnglish